Keys to soil taxonomy /

Bibliographic Details
Corporate Author: United States. Natural Resources Conservation Service
Format: Government Document Microform Book
Language:English
Published: [Washington, D.C.] : U.S. Dept. of Agriculture, Natural Resources Conservation Service : 1998.
Edition:8th ed.
Subjects:
Online Access:Adobe Acrobat Reader required to view full document

MARC

Tag First Indicator Second Indicator Subfields
LEADER 00000cam a2200000 a 4500
001 in00000003582
007 he bmb024bbca
008 990510s1998 dcua bb f001 0 eng d
005 20230309222514.1
035 |a (OCoLC)41332828 
035 |9 AJF9433AM 
035 |a in00000003582 
037 |a 001-000-04658-6  |b GPO  |f paper copy  |c $28.00 
040 |a DGPO  |c DGPO  |d DLC  |d MvI  |d UtOrBLW 
049 |a UMIC  |a WWW 
074 |a 0120 (MF) 
074 |a 0120 (MF); 0120 (online) 
086 0 |a A 57.2:K 52/998 
245 0 0 |a Keys to soil taxonomy /  |c by Soil Survey staff. 
250 |a 8th ed. 
264 1 |a [Washington, D.C.] :  |b U.S. Dept. of Agriculture, Natural Resources Conservation Service :  |c 1998. 
264 2 |a [Washington, D.C.] :  |b [Supt. of Docs., U.S. G.P.O., distributor], 
300 |a 326 pages :  |b illustrations ;  |c 23 x 10 cm. 
336 |a text  |b txt  |2 rdacontent 
337 |a microform  |b h  |2 rdamedia 
338 |a microfiche  |b he  |2 rdacarrier 
500 |a Shipping list number: 0120 (MF); 0120 (online) 99-0361-M. 
504 |a Includes bibliographical references (page 36). 
500 |a Includes index. 
533 |a Microfiche.  |b [Washington, D.C.] :  |c Supt. of Docs., U.S. G.P.O.,  |d [1999]  |e 4 microfiches : negative. 
530 |a Also available via Internet from the NRCS Soil Survey Division web site (PDF file only). Address as of 4/6/99: http://www.statlab.iastate.edu/soils/keytax/; current access is available via PURL. 
500 |a Microform. 
650 0 |a Soils  |v Classification. 
710 1 |a United States.  |b Natural Resources Conservation Service. 
856 4 1 |u https://purl.fdlp.gov/GPO/LPS2731  |z Adobe Acrobat Reader required to view full document  |t 0 
999 |a MARS 
999 f f |i bbc716c7-d93f-3246-8299-49cef39a5c38  |s 1d71b6c7-1b70-3a0c-bc01-6829fdd8c220  |t 0 
952 f f |a Texas A&M University  |b College Station  |c Electronic Resources  |d Available Online  |t 0  |e A 57.2:K 52/998  |h Superintendent of Documents classification 
998 f f |a A 57.2:K 52/998  |t 0  |l Available Online